Στοχαστικές ανελίξεις

Αποθηκεύτηκε σε:
Λεπτομέρειες βιβλιογραφικής εγγραφής
Κύριος συγγραφέας: Κάκουλλος, Θεόφιλος Ν.
Μορφή: Βιβλίο
Γλώσσα:Greek
Δημοσίευση: Αθήνα : Συμμετρία, 1995.
Θέματα:
Ετικέτες: Προσθήκη ετικέτας
Δεν υπάρχουν, Καταχωρήστε ετικέτα πρώτοι!

MARC

LEADER 00000cam a2200000 i 4500
001 1/29878
008 021209s1995 gr | ||| |||| ||gre||
020 |a 9789602662380 
035 |l 10068881 
040 |a GR-MyUA  |b gre  |e AACR2 
041 0 |a gre 
082 0 |a 519.233  
100 1 |a Κάκουλλος, Θεόφιλος Ν. 
245 1 0 |a Στοχαστικές ανελίξεις /   |c Θεόφιλου Ν. Κάκουλλου.  
260 |a Αθήνα :   |b Συμμετρία,   |c 1995.  
300 |a 233 σ. ;   |c 24 εκ.  
504 |a Περιέχει βιβλιογραφία και ευρετήριο.  
650 0 0 |a Stochastic processes. 
650 0 0 |a Markov processes. 
852 |a INST  |b SAMOS  |e 20021209  |h 519.233 ΚΑΚ  |p 005300024328  |q 005300024328  |t BK  |y 23 
852 |a INST  |b SAMOS  |e 20021209  |h 519.233 ΚΑΚ  |p 005300024329  |q 005300024329  |t BK  |y 0 
852 |a INST  |b SAMOS  |e 20021209  |h 519.233 ΚΑΚ  |p 005300024330  |q 005300024330  |t BK  |y 0 
852 |a INST  |b SAMOS  |e 20021209  |h 519.233 ΚΑΚ  |p 005300024331  |q 005300024331  |t BK  |y 0 
852 |a INST  |b SAMOS  |e 20021209  |h 519.233 ΚΑΚ  |p 005300024332  |q 005300024332  |t BK  |y 0 
852 |a INST  |b SAMOS  |e 20120424  |h 519.233 ΚΑΚ  |p 005300033866  |q 005300033866  |t BK  |y 0 
901 |a BIBL3-2012-1 
901 |a BIBL3-2002-3 
909 |a Σ  |b 172198 
909 |a Σ  |b 087721 
909 |a Σ  |b 087722 
909 |a Σ  |b 087723 
909 |a Σ  |b 087724 
909 |a Σ  |b 087725 
970 |a ΠΟΥΡΝΑΡΑΣ  |b ΔΗΜΗΤΡΗΣ  |z 2002/12/09